000
00276nam a22001097a 4500
008
160518b xxu||||| |||| 00| 0 eng d
020
_a
0781724147
041
_a
eng
080
_a
615
245
_a
Textbook of therapeutics:
_c
Eric T. Herfindal; Dick R. Gourley;
942
_2
udc
_c
BK
999
_c
2164
_d
2164